000 00750cam a22002533a 4500
001 19776
003 PGUSA
005 20140828083423.0
008 061113s2006||||xxu|||||s|||||000 1 eng d
040 _aPGUSA
_beng
042 _adc
050 4 _aPS
100 1 _aMurfree, Mary Noailles,
_d1850-1922
245 1 4 _aThe Ordeal :
_bA Mountain Romance of Tennessee
_h[electronic resource] /
_cMary Noailles Murfree
260 _bProject Gutenberg,
_c2006
506 _aPublic domain in the USA.
516 _aElectronic text
653 _aMountain life -- Fiction
653 _aTennessee -- Fiction
700 1 _aDuer, Douglas,
_d1887-1964
830 0 _aProject Gutenberg
_v19776
856 4 0 _uhttp://www.gutenberg.org/ebooks/19776
942 _cEB
999 _c249031
_d249031